| 000 | 00868nam a2200301 a 4500 | ||
|---|---|---|---|
| 001 | 000013525 | ||
| 003 | DO-SdBNP | ||
| 005 | 20240312114911.0 | ||
| 007 | ta | ||
| 008 | 240312s19? dr a 000 0 spa d | ||
| 040 |
_aDO-SdBNP _bspa _cBNPHU _erda |
||
| 082 |
_bW872 _222 |
||
| 100 | _929568 | ||
| 245 | 0 | 0 |
_aWomen`s access to credit in the dominican republic : _ba case study |
| 264 |
_aSanto Domingo : _bTeam, _cfecha no identificada |
||
| 300 |
_a14 paginas. : _bilustraciones ; _c26 cm. |
||
| 336 |
_2rdacontent _atexto _btxt |
||
| 337 |
_2rdamedia _asin mediación _bn |
||
| 338 |
_2rdacarrier _avolumen _bnc |
||
| 590 | _aInventariado, 2024 / DG | ||
| 650 | 4 |
_aOrtografía _xEnseñanza _99599 |
|
| 650 | 4 |
_aEspañol _xOrtografía _xEnseñanza básica _930857 |
|
| 700 | _929220 | ||
| 700 | _912067 | ||
| 830 | _930539 | ||
| 910 | _aDG | ||
| 942 |
_2ddc _cLF2 |
||
| 999 |
_c56083 _d56083 |
||